书目信息 |
| 题名: |
古诗词里的地理名胜
|
|
| 作者: | 潘剑斌 , 马全宝 , 董彦雷 编著 | |
| 分册: | ||
| 出版信息: | 北京 中华书局 2021.06 |
|
| 页数: | 162页 | |
| 开本: | 21cm | |
| 丛书名: | 古诗词里的博物志 | |
| 单 册: | ||
| 中图分类: | I207.227.2 , K928.7 | |
| 科图分类: | ||
| 主题词: | 古典诗歌--gu dian shi ge--诗歌欣赏--中国--青少年读物 , 名胜古迹--ming sheng gu ji--中国--青少年读物 | |
| 电子资源: | ||
| ISBN: | 978-7-101-15161-9 | |
| 000 | 01250nam 2200313 450 | |
| 001 | CAL 0120217196696 | |
| 005 | 20230217093112.0 | |
| 010 | @a978-7-101-15161-9@dCNY35.00 | |
| 100 | @a20210630d2021 cemy0chiy0120 ea | |
| 101 | 0 | @achi |
| 102 | @aCN@b110000 | |
| 105 | @aa z 000yy | |
| 106 | @ar | |
| 200 | 1 | @a古诗词里的地理名胜@Agu shi ci li de di li ming sheng@e发现隐藏在古诗词里的博物知识@f潘剑斌, 马全宝, 董彦雷编著 |
| 210 | @a北京@c中华书局@d2021.06 | |
| 215 | @a162页@c彩图@d21cm | |
| 225 | 2 | @a古诗词里的博物志@Agu shi ci li de bo wu zhi |
| 330 | @a本书内容包括: 东临碣石, 以观沧海: “碣石”是一块大石头吗? ; 城阙辅三秦, 风烟望五津: “三秦”与“五津”是什么地方? ; 欲穷千里目, 更上一层楼: 鹳雀楼上鹳雀吗? 等。 | |
| 410 | 0 | @12001 @a古诗词里的博物志 |
| 517 | 1 | @a发现隐藏在古诗词里的博物知识@Afa xian yin cang zai gu shi ci li de bo wu zhi shi |
| 606 | 0 | @a古典诗歌@Agu dian shi ge@x诗歌欣赏@y中国@j青少年读物 |
| 606 | 0 | @a名胜古迹@Aming sheng gu ji@y中国@j青少年读物 |
| 690 | @aI207.227.2@v5 | |
| 690 | @aK928.7@v5 | |
| 701 | 0 | @a潘剑斌@Apan jian bin@4编著 |
| 701 | 0 | @a马全宝@Ama quan bao@4编著 |
| 701 | 0 | @a董彦雷@Adong yan lei@4编著 |
| 801 | 0 | @aCN@bBJXHZP@c20230228 |
| 905 | @b1408042-3@dI207.227.2@e1517@f2 | |
| 古诗词里的地理名胜:发现隐藏在古诗词里的博物知识/潘剑斌, 马全宝, 董彦雷编著.-北京:中华书局,2021.06 |
| 162页:彩图;21cm.-(古诗词里的博物志) |
| ISBN 978-7-101-15161-9:CNY35.00 |
| 本书内容包括: 东临碣石, 以观沧海: “碣石”是一块大石头吗? ; 城阙辅三秦, 风烟望五津: “三秦”与“五津”是什么地方? ; 欲穷千里目, 更上一层楼: 鹳雀楼上鹳雀吗? 等。 |
| ● |
| 相关链接 |
|
|
|
|
正题名:古诗词里的地理名胜
索取号:I207.227.2/1517
 
预约/预借
| 序号 | 登录号 | 条形码 | 馆藏地/架位号 | 状态 | 备注 |
| 1 | 1408042 | 214080420 | 第一样本阅览室/ [索取号:I207.227.2/1517] | 在馆 | |
| 2 | 1408043 | 214080439 | 第二借阅区/ [索取号:I207.227.2/1517] | 在馆 |